000 01068nam a2200289 4500
003 EG-GICUC
005 20260121101037.0
008 251023s1997 ua ||||fr|||| 00| 0 ara d
040 _a EG-GICUC
_bara
_c EG-GICUC
_d EG-GICUC
_erda
041 0 _aara
082 0 4 _221
_a341.77
_bا ب . ن
092 0 4 _221
099 _aLaw1 11 341.77 ا ب . ن 1997
100 0 _aإبراهيم العنانى
_eمؤلف.
245 1 2 _aالنظام الدولى الأمنى /
_cتأليف دكتور إبراهيم العنانى.
264 1 _aالقاهرة:
_bدون ناشر؛
_c1997.
300 _a؛440 صفحة
_c24 سم
336 _2rda content
_atext
337 _2rda media
_aComputer
338 _2rda carrier
_aOnline Resource
504 _aيحتوي على اراجاعات ببليوجرافية
546 _aالنص باللغة العربية
650 1 _aالقانون الجنائى الدولى-مكافحة الجريمة.
856 4 0 _uhttps://fll.law.cu.edu.eg/fulltext/bks/B11-04653.pdf
905 _aRawan khaled
942 _2ddc
_n0
_cBK
_e21
999 _c37083
_d37083